000 00401nam a2200145Ia 4500
008 231129s2007||||xx |||||||||||||| ||spa||
020 _a958-648-276-6
040 _bspa
082 _a340.1 R741i
100 _aRojas González Germán
245 0 _aIntroducción al derecho
260 _c2007
264 _aBogotá Colombia: Ecoe Ediciones
942 _2ddc
_cBKS
999 _c15954
_d15954